000 00480nam a2200193Ia 4500
005 20240823060931.0
008 240823s9999||||xx |||||||||||||| ||und||
041 _aENGLISH
082 _A658.4012 Q6
100 _a"Kazmi,Azhar"
245 0 _aStrategic Management
250 _a4th
260 _c2016
_bMcGraw Hill Education Private Li
500 _aYES
650 _astrategic Management
_bManagement Studies
700 _a" Kazmi,Adela"
942 _cBK
999 _c232314
_d232314